000 01010cam a2200289 a 4500
999 _c234485
_d234485
001 3525611
003 Nust
005 20170321131156.0
008 960723s1997 nyu 000 1 eng
010 _a 96031986
020 _a9780749938246
040 _aDLC
_cDLC
_dOCoLC
_dDLC
043 _an-us-ga
050 0 0 _aPS3568.O243
_bS26 1997
082 0 0 _a813.54
_bROB
100 1 _aRoberts, Nora.
245 1 0 _aSanctuary /
_cNora Roberts.
260 _aNew York :
_bG. P. Putnam's Sons,
_c1997.
300 _a483 p. ;
_c24 cm.
650 0 _aWomen photographers
_vFiction.
651 0 _aGeorgia
_vFiction.
655 7 _aRomantic suspense fiction.
_2gsafd
906 _a7
_bcbc
_corignew
_d1
_eocip
_f19
_gy-gencatlg
942 _2ddc
_cBK